000 00917nam a2200253Ia 4500
003 OSt
005 20220923225529.0
006 a|||||r|||| 00| 0
007 ta
008 220922b |||||||| |||| 00| 0 urd d
024 _a270,486
037 _cTextual
040 _aARTS
_cARTS
_burd
041 _2urd
_aurd
082 _aO168,2M79,KH, 152M2
100 _aआग़ा हश्र, काश्मीरी
_9163985
245 0 _aखूबसूरत बला, संपा कृष्ण देव झारी
246 _aKhūbasūrat balā, sanpā kṛuṣhṇa dev zārī
260 _aनई दिल्ली
_b शारदा प्रकाशन
_c1982
300 _a132पृ0
_ccm.
650 _aउर्दू साहित्य
942 _hO168,2M79,KH, 152M2
_cTEXL
_2CC
999 _c378868
_d378868